Liedtext: Herbert Grönemyer - Fisch im Netz - Statistiken

Allgemein
  • Dieses Quiz wurde 5 mal gespielt
  • Das Durchschnittsergebnis liegt bei 30 aus 198
Antwortstatistiken
Textquiz % Korrekt
an
67%
aus
67%
bei
67%
dein
67%
Fisch
67%
Herz
67%
im
67%
Netz
67%
und
67%
allen
33%
auf
33%
Bewegst
33%
bis
33%
das
33%
Deine
33%
deinen
33%
den
33%
dich
33%
Du
33%
ein
33%
Ein
33%
es
33%
Fuß
33%
ganz
33%
gleich
33%
Gold
33%
hat
33%
Hier
33%
Ich
33%
ich
33%
in
33%
jedem
33%
Jetzt
33%
konfus
33%
Kuss
33%
lebe
33%
Lieb
33%
Meer
33%
nach
33%
Quälst
33%
Samt
33%
sanft
33%
schlägt
33%
Schluss
33%
steigerst
33%
voll
33%
Wer
33%
wie
33%
zum
33%
Abgründen
0%
Aufschub
0%
außer
0%
Betrieb
0%
bleibst
0%
bleibt
0%
dem
0%
Der
0%
Distanz
0%
durch
0%
einfach
0%
elektrischen
0%
Erdboden
0%
Erfindungsreich
0%
fasst
0%
finden
0%
Geheimnis
0%
gehn
0%
geholt
0%
geschehn
0%
gewähr
0%
gnadenlos
0%
Gönn
0%
heraus
0%
Hut
0%
Kein
0%
keinen
0%
kleinen
0%
Kompass
0%
Kraft
0%
Kurs
0%
Lass
0%
lass
0%
lässt
0%
laut
0%
leer
0%
mach
0%
macht
0%
mich
0%
mir
0%
reicht
0%
Ruhe
0%
Schick
0%
schmerzt
0%
Seiten
0%
Seltsame
0%
Setzt
0%
Tauchst
0%
Tod
0%
träume
0%
Trost
0%
trunken
0%
um
0%
Unbekannter
0%
unverantwortlich
0%
Verführe
0%
Weg
0%
weißt
0%
Wimpernschlag
0%
Wunder
0%
zielsicher
0%
Keine übereinstimmenden Quizze gefunden
Verteilung der Resultate
Anzahl Personen mit jedem Resultat
Perzentil nach korrekt beantworteten Fragen
Ihre Resultats-Entwicklung
Sie haben dieses Quiz noch nicht gespielt